| 000 | 00855cam a22002415a 4500 | ||
|---|---|---|---|
| 008 | 080908s1998 xxu||||frb||| 001 0 eng d | ||
| 010 | _a98029099 | ||
| 020 | _a1860642764 (pbk.) | ||
| 020 | _a9781860642760 | ||
| 082 | 0 | 4 |
_a330.95604 _bOWE _222 |
| 100 |
_aOwen, Roger, _929243 |
||
| 245 | 1 | 2 |
_aA History of Middle East Economies in the Twentieth Century / _cRoger Owen & Sevket Pamuk. |
| 260 |
_alondon : _bI.B.Tauris, _cc.1998. |
||
| 300 |
_axviii, 310 p. ; _c24 cm. |
||
| 500 | _aIndex : p. 300-310. | ||
| 504 | _aIncludes bibliographical references. | ||
| 590 | _adoaa mohamed | ||
| 650 |
_aMiddle East - Economic conditions - 20th century. _929244 _2BUEsh |
||
| 651 | 0 |
_aMiddle East _xEconomic conditions _y20th century. _929245 _2BUEsh |
|
| 653 | _bBUSECO | ||
| 700 | 1 |
_aPamuk, Şevket. _929246 |
|
| 942 |
_cBB _k330.95604OWE _2ddc |
||
| 999 |
_c9496 _d9496 |
||